| 000 | 00445nam a2200109Ia 4500 | ||
|---|---|---|---|
| 008 | 171212s9999 xx 000 0 und d | ||
| 020 | _a9781783741939 | ||
| 245 |
_ceditor Vira, Bhaskar;Wildburger, Christoph;Mansourian, Stephanie _aForests and Food _bAddressing Hunger and Nutrition Across Sustainable Landscapes |
||
| 260 |
_bOpen Book Publishers _c2015 |
||
| 650 | _aEcology & Evolutionary Biology | ||
| 856 | _uhttp://jstor.org/stable/j.ctt19b9jsg | ||
| 999 |
_c351577 _d351577 |
||